Balta Limanına giden yol (Record no. 10774)

MARC details
000 -BAŞLIK
Sabit Uzunlukta Kontrol Alanı 01140na a2200301 4500
001 - KONTROL NUMARASI
Denetim Alanı 24258
003 - KONTROL NUMARASI IDENTIFIER
Denetim Alanı MIRAKIL
005 - SON İŞLEM TARİHİ VE ZAMANI
Denetim Alanı 20181213155333.0
008 - SABİT-BOY VERİ ELEMANLARI - GENEL BİLGİLER
Sabit Uzunlukta Kontrol Alanı 180903b tu 000 0
020 ## - ULUSLARARASI STANDART KİTAP NUMARASI
Uluslararası Standart Kitap Numarası 9789751626004
040 ## - KATALOGLAMA KAYNAK
Orijinal Kataloglama Ajansı Milas
Kataloglama Dili tur
Metne Dönüştürmek Ajansı TR-AnCHP
041 ## - DİL KODU
Metin / Ses Parça Veya Ayrı Başlığın Dil Kodu tur
082 ## - DEWEY ONLU SINIFLANDIRMA NUMARASI
Sınıflandırma Numarası 956.212015
Ürün Numarası K97b 2013
090 ## - SINIFLAMA NUMARASI
Sınıflama Numarası 956.212015 K97b 2013
100 ## - ANA GİRİŞ - KİŞİSEL İSİM
Kişisel Ad Kütükoğlu, Mübahat S.
245 ## - BAŞLIK TABLOSU
Başlık Balta Limanına giden yol
Başlığın Kalan Osmanlı-İngiliz iktisadi münasebetleri 1580-1850
Sorumluluk Tablosu, Vb Mübahat S. Kütükoğlu
246 ## - UNVAN FORM VARYING
Başlık Doğru / Kısa Başlığı Osmanlı-İngiliz iktisadi münasebetleri 1580-1850
260 ## - YAYIN, DAĞITIM, VB
Yayın, Dağıtım, Vb Yeri Ankara
Yayıncı, Dağıtıcı, Vs Adı Türk Tarih Kurumu
Yayın, Dağıtım, Vb Tarihi 2013
300 ## - FİZİKSEL TANIM
Kapsam xvii, 377 s.
Diğer Fiziksel Ayrıntıları hrt. , grf. ,tbl.
Boyutlar 24 sm.
440 ## - SERİSİ TABLOSU / KATMA GİRİŞİ - BAŞLIK
Başlık AKDTYK Türk Tarih Kurumu yayınları
Hacim / Ardışık Tanımı IV/A-2-2.1. dizi- sa. 4
504 ## - KAYNAKÇA VB NOT
Kaynakça Vb Notu Kaynakça ve dizin var.
650 ## - KONU KATMA GİRİŞ - TOPİKAL DÖNEM
Topikal Süreli Veya Coğrafi Ad Giriş Elemanı Osmanlı İmparatorluğu
Genel Alt Bölümü Ekonomik ilişkiler
Coğrafi Alt Bölümü İngiltere
650 ## - KONU KATMA GİRİŞ - TOPİKAL DÖNEM
Topikal Süreli Veya Coğrafi Ad Giriş Elemanı İngiltere
Genel Alt Bölümü Ticaret
Coğrafi Alt Bölümü Osmanlı İmparatorluğu
650 ## - KONU KATMA GİRİŞ - TOPİKAL DÖNEM
Topikal Süreli Veya Coğrafi Ad Giriş Elemanı Osmanlı İmparatorluğu
Genel Alt Bölümü Ticaret
Coğrafi Alt Bölümü İngiltere
650 ## - KONU KATMA GİRİŞ - TOPİKAL DÖNEM
Topikal Süreli Veya Coğrafi Ad Giriş Elemanı Osmanlı İmparatorluğu
Genel Alt Bölümü Ekonomi
Kronolojik Alt Bölümü Tarih
740 ## - KATMA GİRİŞ - KONTROLSUZ İLGİLİ / ANALİTİK BAŞLIK
Kontrol Edilmeyen / İlgili Analitik Başlıktaki Osmanlı-İngiliz iktisadi münasebetleri 1580-1850
942 ## - EKLENDİ GİRİŞ ELEMANLARI (KOHA)
Sınıflandırma Veya Raf Düzeni Kaynak Dewey Decimal Classification
Koha Öğesi Türü Books
999 ## - SİSTEM KONTROL NUMARALARI (KOHA)
Koha Biblionumber 10774
Koha Biblioitemnumber 10774
Holdings
Kalıcı Konum Mevcut Konum Edinme Tarihi Edinim Kaynak Toplam Check-Out'Lar Tam Çağrı Numarası Barkod Tarih Son Görülme İtibaren Geçerli Fiyatlar Koha Öğesi Türü
CHP Kütüphanesi CHP Kütüphanesi 09/03/2018 Bağış   956.212015 K97b 2013 018350 09/03/2018 09/03/2018 Books